Les 100 premiers mots du tome quatre de la passe-miroir - Statistiques

Statistiques générales
  • Ce quiz a été pris 133 fois
  • Le résultat moyen est 52 sur 100
Statistiques - réponses
Hint Réponse % Correct
84 à
85%
46 | 52 | 77 de
81%
48 | 56 - De
81%
54 De
81%
13 là ?
81%
15 là.
81%
2 | 11 es
77%
1 | 10 | 87 - Tu
77%
8 tu
77%
27 en
73%
19 | 37 | 85 me
73%
18 | 39 | 59 Je
69%
72 je
69%
97 - Je
69%
35 | 43 | 51 | +3 others pas
69%
95 - Pas
69%
7 si
69%
33 | 40 | 60 | +2 others ne
65%
100 que
65%
21 un
65%
24 - Un
65%
44 | 91 encore
62%
96 encore.
62%
32 ils
54%
29 Mes
54%
53 | 57 moi.
54%
71 moi,
54%
5 - Peu
54%
22 peu
54%
25 peu ?
54%
47 | 55 toi.
54%
49 toi ?
54%
12 toujours
54%
14 - Toujours
54%
82 du
50%
50 - Non,
50%
64 | 68 | 78 te
50%
45 parlé
46%
66 quand ...
46%
74 suis
46%
93 ton
46%
92 dit
42%
41 leur
42%
94 nom.
42%
61 sais
42%
42 ai
38%
80 J'ai
38%
83 mal
38%
20 sens
38%
26 - Beaucoup,
35%
28 fait.
35%
89 m'as
35%
70 Même
35%
98 pense
31%
23 seule.
31%
76 sûre
31%
38 voir.
31%
58 -Voilà.
27%
79 | 86 comprendre.
23%
17 mieux.
23%
16 Tant
23%
3 impossible.
19%
4 - Impossible ?
19%
99 pourtant
19%
9 préfères.
19%
6 probable,
19%
30 serpillières...
19%
36 souvent
19%
31 supérieurs...
19%
69 comprendraient.
15%
81 déjà
15%
34 descendent
15%
65 pondraient
15%
63 | 67 s'ils
15%
Aucun quiz correspondant
Distribution des résultats
% des personnes avec chaque résultat
Percentile par nombre de réponses
Votre historique - résultats
Vous n’avez pas pris ce quiz